00451nam a2200109Ia 4500008004100000050002400041100002600065245011600091260008600207300003300293521001500326140724s9999 xx 000 0 und d aHD 58.7b.Uy97 2012 aUy, Maria Patrisha F. 4aThe job satisfaction level of selected employees of Maynilad Water Services, Inc. 2012 /cMaria Patrisha F. Uy. aLas Piñas, Philippines :bSouthville International School and Colleges,cc2012. a70 p. :bcol. Ill. ;c28 cm. aPsychology